Normal view
MARC view
Entry Personal Name
001 - CONTROL NUMBER
- control field: 10798
003 - CONTROL NUMBER IDENTIFIER
- control field: BD-RjUL
005 - DATE AND TIME OF LATEST TRANSACTION
- control field: 20240111114329.0
008 - FIXED-LENGTH DATA ELEMENTS
- fixed length control field: 240111|| aca||aabn | a|a d
040 ## - CATALOGING SOURCE
- Original cataloging agency: BD-RjUL
- Transcribing agency: BD-RjUL
100 ## - HEADING--PERSONAL NAME
- Personal name: Thackeray, William Makepeace,
- Dates associated with a name: 1811-1863.
- Title of a work: Vanity Fair
- General subdivision: Examinations
- General subdivision: Study guides
670 ## - SOURCE DATA FOUND
- Source citation: Work cat.: (BD-RjUL)82592: Notes on W. M. Thackeray's Vanity Fair., 1968.